000
00320nam a22001337a 4500
008
181204b xxu||||| |||| 00| 0 eng d
020
_a
9780471640721
041
_a
eng
080
_2
5th
_a
330.722.6
100
_a
62
101
_a
KM
245
_a
Managerial Finance in a Canadian Setting
_c
Lusztig,P
942
_2
udc
_c
BK
999
_c
52785
_d
52785